Firesme'86 : Fira tècnica de l'horticultura intensiva = Feria técnica de la horticultura intensiva : del 7 al 9 de febrer de 1986 Fira tècnica de l'horticultura intensiva = Feria técnica de la horticultura intensiva :
Descripción Física:
[64] p. : il. ; 21 cm
MARC
| LEADER | 00000nam a2200000Ia 4500 | ||
|---|---|---|---|
| 001 | 13183 | ||
| 003 | BGR | ||
| 005 | 20260324175414.0 | ||
| 008 | 160829s9999 xx 000 0 cat d | ||
| 080 | |a C-2-211 | ||
| 111 | |a Firesme |9 70885 |c (Mataró : |d 1986) | ||
| 245 | |a Firesme'86 : |b Fira tècnica de l'horticultura intensiva = Feria técnica de la horticultura intensiva : |b del 7 al 9 de febrer de 1986 | ||
| 260 | |a [Mataró] : |b l'Ajuntament, [1986?] | ||
| 300 | |a [64] p. : |b il. ; |c 21 cm | ||
| 650 | |a Fires |x Mataró |9 32011 | ||
| 650 | |a Horticultura |x Mataró |x Exposicions |9 32012 | ||
| 710 | 1 | |a Mataró (Catalunya). |b Ajuntament |9 53904 | |
| 901 | |a Arxiu | ||
| 942 | |n 1 |2 udc |c MON | ||
| 952 | |0 0 |1 0 |4 0 |6 C2211 |7 1 |9 45836 |a Arxiu |b Arxiu |d 2016-12-01 |l 0 |o C-2-211 |p 13183 |r 2016-12-01 00:00:00 |w 2016-12-01 |y ARXIU | ||
| 999 | |c 49336 |d 49336 | ||